header

Implementing a national assessment of educational achievement (Record no. 243129)

MARC details
000 -LEADER
fixed length control field 01705nam a2200373 a 4500
082 04 - DEWEY DECIMAL CLASSIFICATION NUMBER
Classification number 371.26/2
245 00 - TITLE STATEMENT
Title Implementing a national assessment of educational achievement
260 ## - PUBLICATION, DISTRIBUTION, ETC. (IMPRINT)
Place of publication Washington, D.C. :
Name of publisher World Bank,
Year of publication c2012.
300 ## - PHYSICAL DESCRIPTION
Number of Pages xxi, 260 p. :
Other physical details ill., maps.
490 1# - SERIES STATEMENT
Series statement National assessments of educational achievement ;
505 0# - FORMATTED CONTENTS NOTE
Formatted contents note pt. 1. The logistics of a national assessment -- pt. 2. School sampling methodology -- pt. 3. Data preparation, validation, and management -- pt. 4. Weighting, estimation, and sampling error.
650 #0 - SUBJECT ADDED ENTRY--TOPICAL TERM
Topical Term Educational tests and measurements
Topical Term Educational evaluation
700 1# - ADDED ENTRY--PERSONAL NAME
Personal name Greaney, Vincent.
Personal name Kellaghan, Thomas.
856 40 - ELECTRONIC LOCATION AND ACCESS
Uniform Resource Identifier http://site.ebrary.com/lib/rucke/Doc?id=10535702

No items available.

© 2026 Rongo University
Contact us: librarian | system librarian | Rongo university